| 000 | 00397nam a2200145Ia 4500 | ||
|---|---|---|---|
| 999 |
_c11343 _d11343 |
||
| 082 | _a025.322 HAR-; | ||
| 100 | _aHaroon, Mohammed | ||
| 245 | 0 | _aCataloguing of indian muslim names | |
| 260 |
_aDelhi _bIndian Bibliographies Bureau _c1984 |
||
| 300 | _a72p. | ||
| 504 | _aIncludes index, bibliography | ||
| 650 | _aCataloging - Study and teaching | ||
| 650 | _aLibrary science | ||
| 942 |
_cBK _2ddc |
||